00463nam a2200109Ia 4500008004100000050002400041100002400065245012300089260008600212300002800298521002700326140724s9999 xx 000 0 und d aQA 76.5b.B348 2012 aBaumgartner, Edson. aComputer laboratory attendance monitoring system of Southville International School and Colleges /cEdson Baumgartner. aLas Piñas, Philippines :bSouthville International School and Colleges,cc2012. a36 p. :bill. ;c28 cm. aInformation Technology